000
00220 a2200097 4500
001
61557
082
_a
297.197 KHA
090
_c
37091
_d
37091
100
_a
Abdul Waheed Khan
245
_a
Islam is Under attack
_h
English
942
_a
CAE NUST
_k
297.197 KHA
999
_c
296630
_d
296630